Faculty of Law Library — Cairo University

Official Online Catalog

التنظيم القانوني لحرية الحصول على الوثائق الإدارية في التشريع الفرنسي / (Record no. 43339)

MARC details
000 -LEADER
fixed length control field 01200nam a2200301 i 4500
003 - CONTROL NUMBER IDENTIFIER
control field EG-GICUC
005 - DATE AND TIME OF LATEST TRANSACTION
control field 20260121101223.0
008 - FIXED-LENGTH DATA ELEMENTS--GENERAL INFORMATION
fixed length control field 251115s2002 ua ||||fr|||| 00| 0 ara d
040 ## - CATALOGING SOURCE
Original cataloging agency EG-GICUC
Language of cataloging ara
Transcribing agency EG-GICUC
Modifying agency EG-GICUC
Description conventions rda
041 0# - LANGUAGE CODE
Language code of original ara
082 04 - DEWEY DECIMAL CLASSIFICATION NUMBER
Edition number 21
Classification number 345.2
Item number م ح . ت
092 04 - LOCALLY ASSIGNED DEWEY CALL NUMBER (OCLC)
Edition number 21
099 ## - LOCAL FREE-TEXT CALL NUMBER (OCLC)
Classification number Law1 07 345.2 م ح . ت 2002
100 0# - MAIN ENTRY--PERSONAL NAME
Personal name محمد باهي أبو يونس
Relator term مؤلف.
245 12 - TITLE STATEMENT
Title التنظيم القانوني لحرية الحصول على الوثائق الإدارية في التشريع الفرنسي /
Statement of responsibility, etc. الدكـتور محمد باهي أبو يونس.
264 #1 - PRODUCTION, PUBLICATION, DISTRIBUTION, MANUFACTURE, AND COPYRIGHT NOTICE
Place of production, publication, distribution, manufacture الأسكـندرية :
Name of producer, publisher, distributor, manufacturer دار الجامعة الجديدة للنشر ،
Date of production, publication, distribution, manufacture, or copyright notice 2002.
300 ## - PHYSICAL DESCRIPTION
Extent 175 صفحة ؛
Dimensions 24 سم.
336 ## - CONTENT TYPE
Source rda content
Content type term text
337 ## - MEDIA TYPE
Source rda media
Media type term Computer
338 ## - CARRIER TYPE
Source rda carrier
Carrier type term Online Resource
490 ## - SERIES STATEMENT
Series statement المكتبة القانونية
504 ## - BIBLIOGRAPHY, ETC. NOTE
Bibliography, etc. note يشتمل على إرجاعات ببليوجرافية
546 ## - LANGUAGE NOTE
Language note النص باللغة العربية
650 1# - SUBJECT ADDED ENTRY--TOPICAL TERM
Topical term or geographic name entry element القانون الإداري
856 40 - ELECTRONIC LOCATION AND ACCESS
Uniform Resource Identifier <a href="https://fll.law.cu.edu.eg/fulltext/bks/B07-00701.pdf">https://fll.law.cu.edu.eg/fulltext/bks/B07-00701.pdf</a>
905 ## - Cataloger and Reviser Names
Cataloger Name: Habiba Ismail
942 ## - ADDED ENTRY ELEMENTS (KOHA)
Source of classification or shelving scheme Dewey Decimal Classification
Koha item type Books
Edition 21
Suppress in OPAC No
Holdings
Withdrawn status Lost status Source of classification or shelving scheme Damaged status Not for loan Collection Home library Current library Date acquired Total checkouts Full call number Barcode Date last seen Copy number Price effective from Koha item type
    Dewey Decimal Classification     القانون الإداري جــــامعة القــاهرة مكتبة كلية الحقوق - المبنى الرئيسي 15.11.2025   Law1 07 345.2 م ح . ت 2002 0700702 C2 B07-00702 15.11.2025 2 15.11.2025 Books
    Dewey Decimal Classification   Not for loan القانون الإداري جــــامعة القــاهرة مكتبة كلية الحقوق - المبنى الرئيسي 15.11.2025   Law1 07 345.2 م ح . ت 2002 0700701 C1 B07-00701 15.11.2025 1 15.11.2025 Books
    Dewey Decimal Classification     القانون الإداري جــــامعة القــاهرة مكتبة كلية الحقوق - فـرع الشيخ زايد 15.11.2025   Law2 07 345.2 م ح . ت 2002 0700756 C3 B07-00756 15.11.2025 3 15.11.2025 Books

© All rights reserved — Faculty of Law, Cairo University